Library of the University of Algiers 3
Ibrahim Sultan Cheibout
شعار جامعة الجزائر 3
مكتبة جامعة الجزائر 3
إبراهيم سلطان شيبوط

فن كتابة التقارير : (رقم التسجيلة. 42743)

تفاصيل مارك
000 -LEADER
fixed length control field 01827nam a2200229Ia 4500
003 - CONTROL NUMBER IDENTIFIER
control field Ost
005 - DATE AND TIME OF LATEST TRANSACTION
control field 20260507075056.0
008 - FIXED-LENGTH DATA ELEMENTS--GENERAL INFORMATION
fixed length control field 260507s9999||||xx |||||||||||||| ||und||
040 ## - CATALOGING SOURCE
Transcribing agency fsecg
041 ## - LANGUAGE CODE
Language code of text/sound track or separate title ara
082 ## - DEWEY DECIMAL CLASSIFICATION NUMBER
Classification number 651.78
100 ## - MAIN ENTRY--PERSONAL NAME
Personal name الشيخلي، عبد القادر
Relator term مؤلف
245 #0 - TITLE STATEMENT
Title فن كتابة التقارير :
Remainder of title لا سيما التقارير الإدارية والمالية والفنية /
Statement of responsibility, etc. عبد القادر الشيخلي
260 ## - PUBLICATION, DISTRIBUTION, ETC.
Place of publication, distribution, etc. عمان:
Name of publisher, distributor, etc. مكتبة دار الثقافة,
Date of publication, distribution, etc. 2004
300 ## - PHYSICAL DESCRIPTION
Extent 148 صفحة؛
Other physical details إيضاحات ؛
Dimensions 25 سم
520 ## - SUMMARY, ETC.
Summary, etc. أهمية التقارير،تعريف التقرير،أطراف التقرير،قواعد التقارير الفعالة،أهداف التقارير،التقارير ونظام الاتصالات،أشكال وأنواع التقارير،المعيار الشكلي،المعيار الموضوعي،صفات التقرير الفعال،الوضوح،الدقة والحداثة،الموضوعية،الايجاز،مراحل إعداد التقرير الفعال،الدراسة والتحليل ةاختيار الحل،إعداد هيكل التقرير،كتابة التقرير،كتابة التقرير الفعال،أقسام التقرير،الإهتمام بالصيغة اللغوية،المباشرة بالكتابة،الأشكال والجداول،الاهتمام بالطباعة،مراجعة التقرير
653 ## - INDEX TERM--UNCONTROLLED
Uncontrolled term التقارير المالية
653 ## - INDEX TERM--UNCONTROLLED
Uncontrolled term كتابة التقارير
700 ## - ADDED ENTRY--PERSONAL NAME
Personal name حسين، أحمد
Relator term مؤلف ثانوي
700 ## - ADDED ENTRY--PERSONAL NAME
Personal name حسين، علي
Relator term مؤلف ثانوي
942 ## - ADDED ENTRY ELEMENTS (KOHA)
Koha item type كتب
المقتنيات
Withdrawn status Lost status Source of classification or shelving scheme Damaged status Not for loan Home library Current library Date acquired Serial enumeration / chronology Inventory number Total checkouts Full call number Barcode Date last seen Price effective from Koha item type
    Dewey Decimal Classification   NOT LOAN / إعارة داخلية مكتبة كلية العلوم الإقتصادية والعلوم التجارية وعلوم التسيير مكتبة كلية العلوم الإقتصادية والعلوم التجارية وعلوم التسيير 07/05/2026 الطابق الأرضي 1017/1   أ/1017ن1 1017/1 07/05/2026 07/05/2026 كتب
    Dewey Decimal Classification   Available مكتبة كلية العلوم الإقتصادية والعلوم التجارية وعلوم التسيير مكتبة كلية العلوم الإقتصادية والعلوم التجارية وعلوم التسيير 07/05/2026 الطابق الأرضي 1017/2   أ/1017ن2 1017/2 07/05/2026 07/05/2026 كتب
    Dewey Decimal Classification   Available مكتبة كلية العلوم الإقتصادية والعلوم التجارية وعلوم التسيير مكتبة كلية العلوم الإقتصادية والعلوم التجارية وعلوم التسيير 07/05/2026 الطابق الأرضي 1017/3   أ/1017ن3 1017/3 07/05/2026 07/05/2026 كتب
    Dewey Decimal Classification   Available مكتبة كلية العلوم الإقتصادية والعلوم التجارية وعلوم التسيير مكتبة كلية العلوم الإقتصادية والعلوم التجارية وعلوم التسيير 07/05/2026 الطابق الأرضي 1017/4   أ/1017ن4 1017/4 07/05/2026 07/05/2026 كتب
    Dewey Decimal Classification   Available مكتبة كلية العلوم الإقتصادية والعلوم التجارية وعلوم التسيير مكتبة كلية العلوم الإقتصادية والعلوم التجارية وعلوم التسيير 07/05/2026 الطابق الثاني 1017/5   أ/1017ن5 1017/5 07/05/2026 07/05/2026 كتب
    Dewey Decimal Classification   Available مكتبة كلية العلوم الإقتصادية والعلوم التجارية وعلوم التسيير مكتبة كلية العلوم الإقتصادية والعلوم التجارية وعلوم التسيير 07/05/2026 الطابق الثاني 1017/6   أ/1017ن6 1017/6 07/05/2026 07/05/2026 كتب
    Dewey Decimal Classification   Available مكتبة كلية العلوم الإقتصادية والعلوم التجارية وعلوم التسيير مكتبة كلية العلوم الإقتصادية والعلوم التجارية وعلوم التسيير 07/05/2026 الطابق الثاني 1017/7   أ/1017ن7 1017/7 07/05/2026 07/05/2026 كتب

موارد الويب المفتوحة


© University of Algiers 3 All Rights Reserved
|
Implemented by LECHELAH Riad